00846nam a2200205 i 450000100060000000300090000600500170001500700030003200800410003502000180007611000830009424500780017726001430025530000280039850000120042665000300043885200330046899900170050195201220051876390ES-MaACL20250729014020.0t|041001s1984 sp ||||1| spa d a84-505-0652-21 aEspaña. bDirección General de Bellas Artes, Archivos y Bibliotecas.9370510aGuía de los archivos estatales españoles b: guía del investigador. aMadrid : bMinisterio de Cultura, Dirección General de Bellas Artes, Archivos y Bibliotecas, Subdirección General de Archivos, c1984. a244. : bil. ; c22 cm. aIndice.04aArchivos-zEspaña99953 aES-MaACLjL-11770 bR.112760 c76390d76390 00104070aATENEOMbATENEOMcDEPO2d2008-01-17eSCl0oL-11770p1079943r2023-02-23 00:00:00w2023-02-23yMONOGRAFIA